Principles of money, banking, and financial markets / (Record no. 7162)
[ view plain ]
| 000 -LEADER | |
|---|---|
| fixed length control field | 01006nam a22003378i 4500 |
| 001 - CONTROL NUMBER | |
| control field | 7162 |
| 003 - CONTROL NUMBER IDENTIFIER | |
| rucl marc code | BD-RjUL |
| 005 - DATE AND TIME OF LATEST TRANSACTION | |
| control field | 20211208234356.0 |
| 008 - FIXED-LENGTH DATA ELEMENTS--GENERAL INFORMATION | |
| fixed length control field | 14 t19801977nyua b 001 0 eng |
| 020 ## - INTERNATIONAL STANDARD BOOK NUMBER | |
| International Standard Book Number | 046506339X : |
| 035 ## - SYSTEM CONTROL NUMBER | |
| System control number | (BD-RjUL)7204 |
| System control number | (OCoLC)06098647 |
| System control number | GLIS00097601 |
| 040 ## - CATALOGING SOURCE | |
| Original cataloging agency | DLC |
| Transcribing agency | DLC |
| Modifying agency | MYG |
| -- | BD-RjUL |
| Language of cataloging | eng |
| 041 ## - LANGUAGE CODE | |
| Language code of text/sound track or separate title | eng |
| 082 04 - DEWEY DECIMAL CLASSIFICATION NUMBER | |
| Edition number | 16 |
| Classification number | 332 |
| Author mark and year | RIP 1980 |
| 099 ## - LOCAL FREE-TEXT CALL NUMBER (OCLC) | |
| Bangla Class number | HG221.R536 1980 |
| 100 1# - MAIN ENTRY--PERSONAL NAME | |
| Personal name | Ritter, Lawrence S. |
| 9 (RLIN) | 22408 |
| 245 10 - TITLE STATEMENT | |
| Title | Principles of money, banking, and financial markets / |
| Statement of responsibility, etc. | Lawrence S. Ritter & William L. Silber. |
| 250 ## - EDITION STATEMENT | |
| Edition statement | 3d rev. and expanded ed. |
| 260 ## - PUBLICATION, DISTRIBUTION, ETC. (IMPRINT) | |
| Place of publication, distribution, etc. | New York : |
| Name of publisher, distributor, etc. | Basic Books, |
| Date of publication, distribution, etc. | c1980. |
| 300 ## - PHYSICAL DESCRIPTION | |
| Pagination | xxi, 618 p. : |
| Illustrations | ill. ; |
| Size | 27 cm. |
| 504 ## - BIBLIOGRAPHY, ETC. NOTE | |
| Bibliography, etc | Includes bibliographical references and index. |
| 650 #0 - SUBJECT ADDED ENTRY--TOPICAL TERM | |
| Topical term or geographic name as entry element | Money. |
| 9 (RLIN) | 22409 |
| Topical term or geographic name as entry element | Banks and banking. |
| 9 (RLIN) | 22410 |
| Topical term or geographic name as entry element | Finance. |
| 9 (RLIN) | 22411 |
| 700 1# - ADDED ENTRY--PERSONAL NAME | |
| Personal name | Silber, William L. |
| 942 ## - ADDED ENTRY ELEMENTS (KOHA) | |
| Source of classification or shelving scheme | Dewey Decimal Classification |
| Koha item type | Books |
| Lost status | Source of classification or shelving scheme | Damaged status | Not for loan | Collection code | Permanent Location | Current Location | Shelving location | Date acquired | Source of acquisition | Cost, normal purchase price | Total Checkouts | Full call number | Date last seen | Copy number | Koha item type |
|---|---|---|---|---|---|---|---|---|---|---|---|---|---|---|---|
| Dewey Decimal Classification | Not For Loan | Non-fiction | Central Library, University of Rajshahi | Central Library, University of Rajshahi | 14/10/1984 | Toppan Tulip. | 18.95 | 332 RIP 1980 | 13/01/2014 | C-1 | Books |